[Event "FRA-chT2 0910"]
[Site "France"]
[Date "2009.10.04"]
[Round "1.6"]
[White "Alary, Pierre"]
[Black "Basty, Bernard"]
[Result "0-1"]
[WhiteElo "1966"]
[BlackElo "1953"]
[PlyCount "110"]
[EventDate "2009.09.27"]
[EventType "team"]
[EventRounds "11"]
[EventCountry "FRA"]
[Source "ChessBase"]
[SourceDate "2010.03.11"]

1. e4 e5 2. f4 exf4 3. Nf3 d6 4. Bc4 h6 5. O-O g5 6. Nc3 Bg7 7. Qe2 Nc6 8. Bb5
Nge7 9. h4 Ng6 10. Qc4 Bd7 11. d4 g4 12. Bxc6 Bxc6 13. h5 Nh4 14. Nxh4 Qxh4 15.
Rxf4 Qxh5 16. Ne2 Bb5 17. Ng3 Bxc4 18. Nxh5 Bxd4+ 19. Kh1 Be6 20. c3 Be5 21.
Rf2 O-O-O 22. Be3 Rdf8 23. a3 g3 24. Rd2 f5 25. Nf4 Bxf4 26. Bxf4 fxe4 27. Bxg3
Rhg8 28. Bh4 Rg4 29. g3 Bc4 30. Re1 Bd3 31. Kg1 Rg7 32. Rf2 Rgf7 33. Rxf7 Rxf7
34. Kg2 Kd7 35. Re3 a5 36. b4 axb4 37. axb4 Kc6 38. g4 Rf4 39. Kh3 Kd5 40. Be1
b6 41. Kh4 Rf1 42. Kh5 Rh1+ 43. Kg6 c5 44. bxc5 dxc5 45. Bd2 Rh2 46. Bc1 Rg2
47. Kh5 Be2 48. Kxh6 Bxg4 49. Kg5 Bf3+ 50. Kf5 Rc2 51. Re1 Rxc3 52. Bf4 b5 53.
Rb1 b4 54. Rb2 Kc4 55. Rb1 Kd3 0-1

[Event "FRA-chT2 0910"]
[Site "France"]
[Date "2009.10.04"]
[Round "1.6"]
[White "Auvray, Simon"]
[Black "Marie, Maxime"]
[Result "0-1"]
[WhiteElo "2013"]
[BlackElo "2207"]
[PlyCount "78"]
[EventDate "2009.09.27"]
[EventType "team"]
[EventRounds "11"]
[EventCountry "FRA"]
[Source "ChessBase"]
[SourceDate "2010.03.11"]

1. e4 c5 2. Nf3 Nc6 3. Bb5 e6 4. O-O Nge7 5. Re1 g6 6. e5 Bg7 7. c3 O-O 8. d4
cxd4 9. cxd4 d6 10. Bf4 dxe5 11. dxe5 Qb6 12. Qe2 Nd5 13. Bd2 Bd7 14. Bc4 Qxb2
15. Bxd5 exd5 16. Nc3 Bg4 17. Rab1 Qa3 18. Rb3 Qc5 19. Rb5 Qc4 20. Rxd5 Qxe2
21. Rxe2 Rfd8 22. Bf4 Nb4 23. Rxd8+ Rxd8 24. h3 Bxf3 25. gxf3 Nd3 26. Bg3 Nc5
27. f4 Rd4 28. Kg2 a6 29. Kf3 Ne6 30. Ne4 Ra4 31. Rd2 Ra3+ 32. Ke2 Bh6 33. Nf6+
Kg7 34. Nd5 b5 35. Rb2 Nd4+ 36. Kf1 Ne6 37. Kg2 Ra4 38. Kf3 a5 39. Rxb5 Nd4+
0-1

[Event "FRA-chT2 0910"]
[Site "France"]
[Date "2009.10.04"]
[Round "1.6"]
[White "Baron, Romuald"]
[Black "Genin, Maxime"]
[Result "0-1"]
[WhiteElo "1998"]
[BlackElo "1911"]
[PlyCount "54"]
[EventDate "2009.09.27"]
[EventType "team"]
[EventRounds "11"]
[EventCountry "FRA"]
[Source "ChessBase"]
[SourceDate "2010.03.11"]

1. e4 e5 2. Nf3 Nc6 3. Bb5 a6 4. Ba4 b5 5. Bb3 Nf6 6. O-O Be7 7. Re1 O-O 8. c3
d6 9. Na3 Re8 10. Ng5 Rf8 11. d3 Na5 12. Bc2 c5 13. b4 Nc6 14. Rb1 cxb4 15.
cxb4 d5 16. Bb3 Bxb4 17. exd5 Bxe1 18. dxc6 Bc3 19. Be3 b4 20. Nc4 Ng4 21. Nb6
Nxe3 22. Qh5 Qxd3 23. Rd1 Nxd1 24. Nxf7 Qb1 25. Nh6+ Kh8 26. Nf7+ Rxf7 27. Bxf7
Rb8 0-1

[Event "FRA-chT2 0910"]
[Site "France"]
[Date "2009.10.04"]
[Round "1.6"]
[White "Becht, Lucas"]
[Black "Faby, Fabrice"]
[Result "1-0"]
[WhiteElo "2239"]
[BlackElo "2160"]
[PlyCount "113"]
[EventDate "2009.09.27"]
[EventType "team"]
[EventRounds "11"]
[EventCountry "FRA"]
[Source "ChessBase"]
[SourceDate "2010.03.11"]

1. c4 e6 2. Nc3 d5 3. d4 Nf6 4. cxd5 exd5 5. Bg5 Be7 6. e3 O-O 7. Qc2 Re8 8.
Bd3 Nbd7 9. Nf3 Nf8 10. O-O c6 11. h3 Nh5 12. Bxe7 Qxe7 13. Rab1 a5 14. a3 g6
15. Rfe1 Nf6 16. b4 Ne6 17. Na4 axb4 18. axb4 Ne4 19. Nb6 N6g5 20. Nxg5 Nxg5
21. Nxa8 Bxh3 22. f4 Rxa8 23. fxg5 Qxg5 24. Qf2 Ra3 25. Bf1 Bf5 26. Rb2 Be4 27.
Ra2 Rb3 28. Rb2 Rc3 29. Qf4 Qe7 30. Qf2 Kg7 31. Qd2 Ra3 32. Ra2 Rb3 33. Rb2 Ra3
34. Qf2 h5 35. Be2 Bf5 36. Bf3 Qg5 37. b5 h4 38. bxc6 bxc6 39. Kh2 Qe7 40. Ree2
g5 41. e4 g4 42. Bxg4 Bxg4 43. Re3 Ra5 44. Qf4 Be6 45. exd5 Rxd5 46. Re5 Qf6
47. Qe3 Rxe5 48. dxe5 Qf5 49. Re2 Qg4 50. Rf2 Bd5 51. Qh3 Qd4 52. Qf5 h3 53.
Qf6+ Kf8 54. Rf4 Qd2 55. Qd8+ Kg7 56. Rg4+ Kh7 57. Qg8+ 1-0

[Event "FRA-chT2 0910"]
[Site "France"]
[Date "2009.10.04"]
[Round "1.6"]
[White "Brionne, Thierry"]
[Black "Ricroque, Jean Pierre"]
[Result "1/2-1/2"]
[WhiteElo "2152"]
[BlackElo "2002"]
[PlyCount "146"]
[EventDate "2009.09.27"]
[EventType "team"]
[EventRounds "11"]
[EventCountry "FRA"]
[Source "ChessBase"]
[SourceDate "2010.03.11"]

1. d4 Nf6 2. c4 e6 3. Nc3 d5 4. Nf3 c6 5. Bg5 h6 6. Bh4 dxc4 7. a4 Qb6 8. Qc1
Nbd7 9. e3 Qa6 10. Nd2 Bb4 11. Nxc4 O-O 12. a5 b5 13. axb6 Qb7 14. bxa7 Rxa7
15. Be2 c5 16. O-O cxd4 17. exd4 Rxa1 18. Qxa1 Bxc3 19. bxc3 Qe4 20. Bxf6 Qxe2
21. Be7 Qxc4 22. Bxf8 Kxf8 23. Rb1 Ba6 24. Qa5 Kg8 25. Qd8+ Nf8 26. h3 Qxc3 27.
Qd6 Bc8 28. Rb8 Nd7 29. Rb1 Kh7 30. Qf4 e5 31. dxe5 Qxe5 32. Qxf7 Nf6 33. Rc1
Bxh3 34. Rc7 Qg5 35. g3 Bf5 36. Ra7 Qc1+ 37. Kg2 Be4+ 38. f3 Qd2+ 39. Kh3 Bf5+
40. g4 Bxg4+ 41. fxg4 Qe3+ 42. Kg2 Qe2+ 43. Kg1 Qxg4+ 44. Kf1 Qf4+ 45. Ke2 Qe5+
46. Kf1 Ng4 47. Re7 Qf6+ 48. Qxf6 Nxf6 49. Kg2 h5 50. Kh3 Kh6 51. Re5 g5 52.
Re6 Kg6 53. Ra6 Kf5 54. Ra8 Ke5 55. Ra5+ Kf4 56. Ra4+ Ne4 57. Rb4 h4 58. Ra4
Kf5 59. Ra5+ Kg6 60. Kg4 Nf6+ 61. Kh3 Kh5 62. Re5 Ng4 63. Rf5 Nh6 64. Ra5 Nf7
65. Rd5 Nh8 66. Rd7 g4+ 67. Kh2 Ng6 68. Rd5+ Kh6 69. Rf5 Ne7 70. Re5 Ng8 71.
Re6+ Kg5 72. Re5+ Kf4 73. Rh5 h3 1/2-1/2

[Event "FRA-chT2 0910"]
[Site "France"]
[Date "2009.10.04"]
[Round "1.6"]
[White "Charrais, Kevin"]
[Black "Dube, Dimitri"]
[Result "0-1"]
[WhiteElo "1861"]
[BlackElo "2084"]
[PlyCount "100"]
[EventDate "2009.09.27"]
[EventType "team"]
[EventRounds "11"]
[EventCountry "FRA"]
[Source "ChessBase"]
[SourceDate "2010.03.11"]

1. e4 Nf6 2. Nc3 e5 3. Nf3 Bb4 4. Bc4 O-O 5. d3 c6 6. O-O d5 7. exd5 cxd5 8.
Bb3 Nc6 9. Bg5 Be6 10. Re1 d4 11. Ne4 Bxe1 12. Qxe1 Qe7 13. Qe2 Rfe8 14. Re1
Rad8 15. Nh4 Bxb3 16. axb3 Qe6 17. Bxf6 gxf6 18. Qf3 f5 19. Nxf5 Qg6 20. Nh4
Qe6 21. Ng5 Qe7 22. Qh5 f6 23. Nf5 Qd7 24. Ne4 Rf8 25. Nc5 Qd5 26. Re4 Kh8 27.
Rg4 Rg8 28. Qh6 Qf7 29. Rh4 b6 30. Ne4 Qg6 31. Qxg6 Rxg6 32. Ned6 Rd7 33. Ne4
Nb4 34. Neg3 Nxc2 35. Re4 Nb4 36. Re2 Rc7 37. Nh4 Rg4 38. Nf3 Nxd3 39. h3 Rc4
40. Kh2 Rf4 41. Nh5 Rf5 42. Ng3 Rxf3 43. gxf3 Ne1 44. Ne4 d3 45. Re3 Kg7 46.
Nd2 Rc2 47. Kg3 Rxd2 48. Rxe1 Rxb2 49. f4 Rxb3 50. Kg4 Rb4 0-1

[Event "FRA-chT2 0910"]
[Site "France"]
[Date "2009.10.04"]
[Round "1.6"]
[White "Delalee, Paul"]
[Black "Peyre, Thomas"]
[Result "1-0"]
[WhiteElo "1934"]
[BlackElo "2020"]
[PlyCount "98"]
[EventDate "2009.09.27"]
[EventType "team"]
[EventRounds "11"]
[EventCountry "FRA"]
[Source "ChessBase"]
[SourceDate "2010.03.11"]

1. e4 c5 2. Nf3 e6 3. d4 cxd4 4. Nxd4 a6 5. Nc3 Qc7 6. Be2 Bb4 7. O-O Nf6 8.
Qd3 Bxc3 9. bxc3 d5 10. exd5 Nxd5 11. c4 Nf6 12. Ba3 Nbd7 13. Nb3 b6 14. Bd6
Qa7 15. Bf3 Bb7 16. Rad1 Rc8 17. Rfe1 Bxf3 18. Qxf3 Qa8 19. Qh3 Ne4 20. Nd4
Nxd6 21. Nxe6 fxe6 22. Qxe6+ Kd8 23. Qe7+ Kc7 24. Qxd6+ Kb7 25. Re7 Rhd8 26.
Qe6 Rc7 27. Rdxd7 Rdxd7 28. Rxd7 Qc8 29. Qd5+ Ka7 30. Rxc7+ Qxc7 31. g3 Qe7 32.
Kg2 g5 33. a4 h5 34. h3 a5 35. Qf3 h4 36. Qe3 Qf6 37. c5 Qc6+ 38. Kh2 bxc5 39.
Qxg5 hxg3+ 40. Kxg3 Qd6+ 41. f4 Qd4 42. f5 Qg1+ 43. Kh4 Qd4+ 44. Kh5 Qh8+ 45.
Qh6 Qe8+ 46. Kg5 Qe3+ 47. Kg6 Qe8+ 48. Kh7 Qxa4 49. f6 Qe8 1-0

[Event "FRA-chT2 0910"]
[Site "France"]
[Date "2009.10.04"]
[Round "1.6"]
[White "Dupont, Dany"]
[Black "Miller, Vincent"]
[Result "0-1"]
[WhiteElo "1986"]
[BlackElo "2055"]
[PlyCount "72"]
[EventDate "2009.09.27"]
[EventType "team"]
[EventRounds "11"]
[EventCountry "FRA"]
[Source "ChessBase"]
[SourceDate "2010.03.11"]

1. e4 c6 2. d4 d5 3. exd5 cxd5 4. Bd3 Nc6 5. c3 g6 6. Bf4 Nh6 7. Qd2 Nf5 8. Nf3
Bg7 9. h4 Nd6 10. Bxd6 Qxd6 11. h5 Bg4 12. h6 Bf6 13. Ng5 e5 14. Qe3 Qe7 15.
Nh3 exd4 16. Qxe7+ Nxe7 17. cxd4 Bxd4 18. Nc3 O-O 19. Nf4 Bxc3+ 20. bxc3 Rac8
21. Kd2 Rfd8 22. Rhe1 Kf8 23. Re5 d4 24. c4 Bf5 25. Rae1 Nc6 26. Rxf5 gxf5 27.
Bxf5 Rb8 28. g4 Re8 29. Bxh7 Rxe1 30. Kxe1 Ke7 31. Nd5+ Kd6 32. Bf5 Ne5 33. h7
Rh8 34. f4 Ng6 35. Bxg6 fxg6 36. Nf6 Ke6 0-1

[Event "FRA-chT2 0910"]
[Site "France"]
[Date "2009.10.04"]
[Round "1.6"]
[White "Flear, Christine"]
[Black "Deschamps, Remi"]
[Result "1-0"]
[WhiteElo "2148"]
[BlackElo "2107"]
[PlyCount "57"]
[EventDate "2009.09.27"]
[EventType "team"]
[EventRounds "11"]
[EventCountry "FRA"]
[Source "ChessBase"]
[SourceDate "2010.03.11"]

1. d4 c5 2. d5 e5 3. e4 d6 4. Bb5+ Nd7 5. a4 Be7 6. Nf3 h6 7. Nfd2 Bg5 8. Nc4
Qf6 9. Bxg5 hxg5 10. a5 Qg6 11. Nbd2 Ke7 12. Qe2 Ndf6 13. O-O-O Bd7 14. Bxd7
Kxd7 15. Nxe5+ dxe5 16. Qb5+ Kd8 17. Qxb7 Rc8 18. d6 Nd7 19. Nc4 f5 20. Qxd7+
Kxd7 21. Nxe5+ Ke6 22. Nxg6 Rh6 23. exf5+ Kxf5 24. Ne7+ Nxe7 25. dxe7 Re8 26.
Rd5+ Ke6 27. Rxg5 Kf6 28. Rxc5 Rxe7 29. Rc6+ 1-0

[Event "FRA-chT2 0910"]
[Site "France"]
[Date "2009.10.04"]
[Round "1.6"]
[White "Hartmann, Patrick"]
[Black "Heinrich, Nicolas"]
[Result "1/2-1/2"]
[WhiteElo "1985"]
[BlackElo "1956"]
[PlyCount "94"]
[EventDate "2009.09.27"]
[EventType "team"]
[EventRounds "11"]
[EventCountry "FRA"]
[Source "ChessBase"]
[SourceDate "2010.03.11"]

1. d4 d5 2. Nf3 e6 3. e3 c6 4. Nbd2 f5 5. Be2 Nf6 6. Ne5 Bd6 7. b3 O-O 8. Bb2
Ne4 9. O-O Nd7 10. c4 Qf6 11. Ndf3 Qh6 12. Nxd7 Bxd7 13. Ne5 Be8 14. f4 Bxe5
15. dxe5 g5 16. cxd5 cxd5 17. Rc1 Rf7 18. Rc2 Rg7 19. Bd3 g4 20. Bxe4 fxe4 21.
Qd4 Qg6 22. f5 Qh6 23. fxe6 g3 24. h3 Bb5 25. Rf6 Qg5 26. Rf7 Rg6 27. Rf6 Re8
28. Ba3 Rxe6 29. Rc8+ Re8 30. Rxe8+ Bxe8 31. Qxd5+ Kh8 32. Qd4 Rxf6 33. exf6
Bf7 34. Bb2 Qa5 35. Bc3 Qc7 36. Kf1 h5 37. h4 Qc8 38. Qe5 Qd7 39. Qd4 Qf5+ 40.
Ke1 Qf2+ 41. Kd1 Qxa2 42. Qxe4 Qxb3+ 43. Kd2 Qa2+ 44. Kd3 Qb1+ 45. Kd4 Qb6+ 46.
Kd3 Qb1+ 47. Kd4 Qb6+ 1/2-1/2

[Event "FRA-chT2 0910"]
[Site "France"]
[Date "2009.10.04"]
[Round "1.6"]
[White "Herrou, Christophe"]
[Black "Dal Borgo, Albin"]
[Result "0-1"]
[WhiteElo "2079"]
[BlackElo "2164"]
[PlyCount "105"]
[EventDate "2009.09.27"]
[EventType "team"]
[EventRounds "11"]
[EventCountry "FRA"]
[Source "ChessBase"]
[SourceDate "2010.03.11"]

1. e4 e5 2. d4 exd4 3. Nf3 Nc6 4. Nxd4 Bc5 5. Be3 Qf6 6. c3 Nge7 7. g3 d5 8.
Bg2 Bxd4 9. cxd4 dxe4 10. Nc3 Qg6 11. Bxe4 Bf5 12. Bg2 Bc2 13. Qd2 Rd8 14. O-O
O-O 15. Rac1 Bf5 16. Rfd1 Bg4 17. Re1 Qh5 18. f3 Bxf3 19. Bxf3 Qxf3 20. Rf1 Qh5
21. Rf4 Nd5 22. Rh4 Qg6 23. Rd1 Nce7 24. Bf2 Rfe8 25. Nxd5 Nxd5 26. Qd3 Qxd3
27. Rxd3 c6 28. Rd2 Nf6 29. Rf4 a6 30. Kg2 Rd5 31. Kf3 Re6 32. g4 g5 33. Rf5
Rxf5+ 34. gxf5 g4+ 35. Kg2 Re4 36. Bg3 Nd5 37. h3 h5 38. hxg4 hxg4 39. Bf2 Kg7
40. Bh4 Ne3+ 41. Kf2 Nxf5 42. Bg3 Ne7 43. Bd6 Nd5 44. b4 f5 45. a4 Nc3 46. Rc2
Nd1+ 47. Kg1 f4 48. b5 axb5 49. axb5 Re1+ 50. Kh2 g3+ 51. Kh3 Rh1+ 52. Kg4 Ne3+
53. Kxf4 0-1

[Event "FRA-chT2 0910"]
[Site "France"]
[Date "2009.10.04"]
[Round "1.6"]
[White "Iasoni, Robert"]
[Black "Hoffmann, Regis"]
[Result "1-0"]
[WhiteElo "2113"]
[BlackElo "2108"]
[PlyCount "85"]
[EventDate "2009.09.27"]
[EventType "team"]
[EventRounds "11"]
[EventCountry "FRA"]
[Source "ChessBase"]
[SourceDate "2010.03.11"]

1. d4 g6 2. Nf3 Bg7 3. g3 d6 4. Bg2 Nc6 5. O-O Nf6 6. c4 O-O 7. d5 Na5 8. Qa4
c5 9. Bd2 b6 10. Bc3 Bd7 11. Qc2 Bf5 12. Qc1 a6 13. Nbd2 b5 14. b3 Rb8 15. h3
e5 16. Ne1 b4 17. Bb2 h5 18. e4 Bd7 19. Nd3 h4 20. Qe1 Nh7 21. f4 exf4 22. Bxg7
Kxg7 23. gxh4 Nf6 24. Nxf4 Rh8 25. e5 Nh5 26. e6 Nxf4 27. Rxf4 Be8 28. Qf2 f5
29. Re1 Rb7 30. Nf3 Rh5 31. Ng5 Rc7 32. Qg3 Qf6 33. Kh2 Re7 34. Ne4 Qe5 35.
Nxc5 Qb2 36. Rf2 Qd4 37. Qxd6 Qxf2 38. Qxe7+ Kh6 39. Rf1 Qe3 40. Qxe8 Rxh4 41.
Qh8+ Kg5 42. Qd8+ Kh5 43. Bf3+ 1-0

[Event "FRA-chT2 0910"]
[Site "France"]
[Date "2009.10.04"]
[Round "1.6"]
[White "Imbert, Christophe"]
[Black "Carrasco, Patrick"]
[Result "1-0"]
[WhiteElo "2098"]
[BlackElo "2085"]
[PlyCount "67"]
[EventDate "2009.09.27"]
[EventType "team"]
[EventRounds "11"]
[EventCountry "FRA"]
[Source "ChessBase"]
[SourceDate "2010.03.11"]

1. e4 e5 2. Nf3 Nc6 3. Bb5 a6 4. Ba4 Nf6 5. O-O b5 6. Bb3 Bb7 7. d3 Bd6 8. a3
h6 9. Re1 O-O 10. Nbd2 Na5 11. Ba2 c5 12. Nf1 Re8 13. Bd2 Nc6 14. Ne3 Bf8 15.
c3 c4 16. dxc4 Nxe4 17. cxb5 axb5 18. Qb3 Nd6 19. Rad1 Na5 20. Qc2 Be4 21. Qc1
Bxf3 22. gxf3 Nac4 23. Nd5 Re6 24. Bb1 f5 25. Kh1 e4 26. Rg1 Kh8 27. Nf4 Re5
28. Be3 Nxe3 29. Qxe3 Nc4 30. Qe2 Qb8 31. Nd5 Re6 32. fxe4 fxe4 33. Rg4 e3 34.
Qd3 1-0

[Event "FRA-chT2 0910"]
[Site "France"]
[Date "2009.10.04"]
[Round "1.6"]
[White "Klipper, Rebecca"]
[Black "Mayer, Jean Marc"]
[Result "0-1"]
[WhiteElo "2014"]
[BlackElo "2206"]
[PlyCount "96"]
[EventDate "2009.09.27"]
[EventType "team"]
[EventRounds "11"]
[EventCountry "FRA"]
[Source "ChessBase"]
[SourceDate "2010.03.11"]

1. d4 Nf6 2. Nf3 g6 3. e3 Bg7 4. b3 b6 5. Bb2 Bb7 6. Be2 O-O 7. c4 d5 8. Nbd2
Nbd7 9. O-O c5 10. dxc5 Nxc5 11. cxd5 Nxd5 12. Bxg7 Kxg7 13. Qc2 Rc8 14. Nc4 b5
15. Qb2+ Kg8 16. Ncd2 a6 17. Rfd1 Qb6 18. Qd4 Qf6 19. Qxf6 Nxf6 20. Rac1 Rfd8
21. Nf1 Rxd1 22. Bxd1 Nd5 23. N1d2 Nb4 24. a3 Nbd3 25. Rc3 a5 26. Be2 b4 27.
axb4 Nxb4 28. Nd4 e5 29. Nb5 Ba6 30. Nd6 Rd8 31. Rxc5 Bxe2 32. N2e4 Bd3 33. f3
Bxe4 34. Nxe4 Rd1+ 35. Kf2 Nd3+ 36. Ke2 Nxc5 37. Kxd1 Nxb3 38. Kc2 a4 39. Kb2
f5 40. Nf6+ Kf7 41. Nxh7 Nd2 42. Ng5+ Kf6 43. h4 Nc4+ 44. Kc3 Nxe3 45. g3 Nf1
46. g4 Ne3 47. gxf5 Kxf5 48. Kb4 Ng2 0-1

[Event "FRA-chT2 0910"]
[Site "France"]
[Date "2009.10.04"]
[Round "1.6"]
[White "Lagunes, Jean Renaud"]
[Black "Marciniak, Gerard"]
[Result "0-1"]
[WhiteElo "2112"]
[BlackElo "2116"]
[PlyCount "68"]
[EventDate "2009.09.27"]
[EventType "team"]
[EventRounds "11"]
[EventCountry "FRA"]
[Source "ChessBase"]
[SourceDate "2010.03.11"]

1. e4 g6 2. d4 Bg7 3. Nc3 d6 4. Be3 a6 5. Qd2 b5 6. a3 Nd7 7. Nf3 Bb7 8. Be2 h6
9. O-O e6 10. Ne1 Ngf6 11. f3 g5 12. Nd3 Qe7 13. a4 c6 14. axb5 cxb5 15. Ra5
O-O 16. h4 Nh7 17. Nf2 f5 18. hxg5 hxg5 19. f4 g4 20. e5 Qh4 21. d5 dxe5 22.
dxe6 Rf6 23. Qxd7 Rh6 24. Nxg4 fxg4 25. Bxg4 Bxg2 26. Qf7+ Kh8 27. Kxg2 Qxg4+
28. Kf2 Rh2+ 29. Ke1 exf4 30. Bf2 Rd8 31. Ra1 Ng5 32. Rg1 Nf3+ 33. Kf1 Qh3+ 34.
Ke2 Rd2# 0-1

[Event "FRA-chT2 0910"]
[Site "France"]
[Date "2009.10.04"]
[Round "1.6"]
[White "Le Montagner, Yoann"]
[Black "Marchadour, Claire"]
[Result "0-1"]
[WhiteElo "2017"]
[BlackElo "2073"]
[PlyCount "88"]
[EventDate "2009.09.27"]
[EventType "team"]
[EventRounds "11"]
[EventCountry "FRA"]
[Source "ChessBase"]
[SourceDate "2010.03.11"]

1. e4 c5 2. Nf3 d6 3. d4 cxd4 4. Nxd4 Nf6 5. Nc3 Nc6 6. Be2 Nxd4 7. Qxd4 g6 8.
Be3 Bg7 9. Qd2 O-O 10. O-O Be6 11. Bf3 Ng4 12. Bxg4 Bxg4 13. f3 Bd7 14. Rab1 b5
15. Nd5 Bc6 16. Rfd1 Qd7 17. Qa5 Rfc8 18. c3 Bb7 19. Bg5 Bxd5 20. Rxd5 a6 21.
Rbd1 Qa7+ 22. Kh1 Rc4 23. Qa3 h6 24. Bh4 g5 25. Bg3 Qb6 26. e5 b4 27. Qb3 Rac8
28. exd6 exd6 29. Bxd6 a5 30. cxb4 axb4 31. R5d2 Qa5 32. a3 bxa3 33. bxa3 Rc3
34. Qb1 Re3 35. Bb4 Qc7 36. Rd7 Qb6 37. R1d6 Qb5 38. a4 Qe2 39. Rd8+ Re8 40.
Rxc8 Rxc8 41. Qd1 Qc4 42. Rd8+ Rxd8 43. Qxd8+ Kh7 44. h4 Qxh4+ 0-1

[Event "FRA-chT2 0910"]
[Site "France"]
[Date "2009.10.04"]
[Round "1.6"]
[White "Mehaibia, Azzedine"]
[Black "Delabre, Tony"]
[Result "1/2-1/2"]
[WhiteElo "2125"]
[BlackElo "2065"]
[PlyCount "61"]
[EventDate "2009.09.27"]
[EventType "team"]
[EventRounds "11"]
[EventCountry "FRA"]
[Source "ChessBase"]
[SourceDate "2010.03.11"]

1. e4 e5 2. Nf3 Nc6 3. Bb5 f5 4. d4 fxe4 5. Nxe5 Nxe5 6. dxe5 c6 7. Nc3 cxb5 8.
Nxe4 d5 9. exd6 Nf6 10. Bg5 Qa5+ 11. Nc3 b4 12. Bxf6 gxf6 13. Nd5 Be6 14. Nxf6+
Kf7 15. Ne4 Qf5 16. f3 Rg8 17. O-O Rd8 18. Qd4 b6 19. Qxb4 Rg6 20. Rad1 Bh6 21.
Qc3 Bf4 22. g3 h5 23. Rf2 h4 24. Rg2 hxg3 25. hxg3 Rdg8 26. d7 Be5 27. Qa3 Rd8
28. g4 Qf4 29. Nd6+ Bxd6 30. Rxd6 Qc4 31. Kf2 1/2-1/2

[Event "FRA-chT2 0910"]
[Site "France"]
[Date "2009.10.04"]
[Round "1.6"]
[White "Muheim, Sebastien"]
[Black "L'Hermitte, Emmanuel"]
[Result "1-0"]
[WhiteElo "2040"]
[BlackElo "2044"]
[PlyCount "77"]
[EventDate "2009.09.27"]
[EventType "team"]
[EventRounds "11"]
[EventCountry "FRA"]
[Source "ChessBase"]
[SourceDate "2010.03.11"]

1. d4 Nf6 2. c4 e6 3. Nc3 Bb4 4. a3 Bxc3+ 5. bxc3 d5 6. cxd5 exd5 7. e3 c5 8.
Bd3 Nc6 9. Ne2 O-O 10. O-O Qc7 11. Nf4 Re8 12. Qf3 c4 13. Bc2 Be6 14. Qg3 Qd7
15. Nxe6 Qxe6 16. f3 b5 17. Bd2 a5 18. Rab1 b4 19. e4 bxc3 20. Bxc3 Nh5 21. Qg5
Nf6 22. e5 h6 23. Qg3 Nh5 24. Qh4 g6 25. f4 Qe7 26. Qg4 Qa7 27. Rfd1 Ng7 28.
Kh1 Ne7 29. Qf3 h5 30. h3 h4 31. g4 hxg3 32. Qxg3 Nef5 33. Qf3 Rad8 34. Rbc1
Re6 35. h4 Kf8 36. Qf2 Ke7 37. Rb1 Rh8 38. Rg1 Rh7 39. Rbe1 1-0

[Event "FRA-chT2 0910"]
[Site "France"]
[Date "2009.10.04"]
[Round "1.6"]
[White "Rodriguez, Angel"]
[Black "Daloz, Jean Michel"]
[Result "0-1"]
[WhiteElo "2096"]
[BlackElo "2169"]
[PlyCount "72"]
[EventDate "2009.09.27"]
[EventType "team"]
[EventRounds "11"]
[EventCountry "FRA"]
[Source "ChessBase"]
[SourceDate "2010.03.11"]

1. e4 c5 2. Nc3 Nc6 3. g3 g6 4. Bg2 Bg7 5. d3 e6 6. Nge2 Nge7 7. O-O O-O 8. Bg5
h6 9. Be3 Nd4 10. Qd2 Kh7 11. Nf4 d6 12. Rab1 b6 13. Nd1 Bb7 14. c3 Rc8 15. f3
Ndc6 16. Ne2 d5 17. d4 cxd4 18. cxd4 e5 19. Ndc3 Nxd4 20. Nxd4 exd4 21. Bxd4
dxe4 22. Rbd1 exf3 23. Bxf3 Bxf3 24. Rxf3 Nf5 25. Bxg7 Kxg7 26. Rd3 Qe7 27. Qf2
Rfd8 28. Nd5 Qc5 29. Qxc5 Rxc5 30. Ne7 Rxd3 31. Nxf5+ gxf5 32. Rxd3 Rc1+ 33.
Kg2 Rc2+ 34. Kh3 Rxb2 35. a3 Ra2 36. Rc3 Kg6 0-1

[Event "FRA-chT2 0910"]
[Site "France"]
[Date "2009.10.04"]
[Round "1.6"]
[White "Tillet, Louis Juan"]
[Black "Le Hay, Thierry"]
[Result "1-0"]
[WhiteElo "2148"]
[BlackElo "2141"]
[PlyCount "51"]
[EventDate "2009.09.27"]
[EventType "team"]
[EventRounds "11"]
[EventCountry "FRA"]
[Source "ChessBase"]
[SourceDate "2010.03.11"]

1. e4 e6 2. d4 d5 3. Nc3 Bb4 4. e5 c5 5. Bd2 Ne7 6. a3 Bxc3 7. Bxc3 b6 8. Bb5+
Bd7 9. Bd3 Nbc6 10. f4 c4 11. Bf1 Nf5 12. Nf3 b5 13. Qd2 a5 14. b4 cxb3 15.
cxb3 b4 16. Bb2 O-O 17. a4 f6 18. Bd3 fxe5 19. fxe5 Qb6 20. O-O-O Ncxd4 21.
Nxd4 Rac8+ 22. Kb1 Rc3 23. Nxf5 exf5 24. Bxc3 bxc3 25. Qxc3 Bxa4 26. Bc4 1-0

[Event "FRA-chT2 0910"]
[Site "France"]
[Date "2009.10.04"]
[Round "1.6"]
[White "Triger, Franck"]
[Black "Lemeille, Francois"]
[Result "1-0"]
[WhiteElo "2102"]
[BlackElo "1954"]
[PlyCount "105"]
[EventDate "2009.09.27"]
[EventType "team"]
[EventRounds "11"]
[EventCountry "FRA"]
[Source "ChessBase"]
[SourceDate "2010.03.11"]

1. d4 Nf6 2. Bg5 g6 3. Bxf6 exf6 4. e3 Bg7 5. g3 O-O 6. Bg2 d5 7. Ne2 c6 8. Nd2
Bf5 9. O-O Qd7 10. c4 dxc4 11. Nxc4 Bh3 12. Bxh3 Qxh3 13. Nf4 Qd7 14. Qb3 Na6
15. Rfd1 Rfd8 16. Rac1 Bh6 17. Nd3 Bf8 18. Na5 Rab8 19. a3 Qd5 20. Qxd5 Rxd5
21. b4 Nc7 22. Nc5 Bxc5 23. bxc5 Ne6 24. Rb1 Nd8 25. Nc4 f5 26. a4 Rd7 27. Rb4
g5 28. Nd6 f4 29. Rdb1 fxe3 30. fxe3 b6 31. Nc4 Re7 32. Kf2 f5 33. cxb6 axb6
34. Rxb6 Rxb6 35. Rxb6 Kg7 36. a5 Ne6 37. a6 f4 38. gxf4 gxf4 39. Rb7 fxe3+ 40.
Nxe3 Rf7+ 41. Rxf7+ Kxf7 42. a7 Nc7 43. Nc4 Na8 44. Ke3 Ke6 45. Ke4 h6 46. h3
h5 47. h4 Kd7 48. Kf5 Ke7 49. Kg6 Ke6 50. Kxh5 Kd5 51. Ne5 c5 52. dxc5 Kxc5 53.
Kg6 1-0

[Event "FRA-chT2 0910"]
[Site "France"]
[Date "2009.10.04"]
[Round "1.6"]
[White "Wegner, Eric"]
[Black "Borni, Jean Bernard"]
[Result "1/2-1/2"]
[WhiteElo "2084"]
[BlackElo "2044"]
[PlyCount "85"]
[EventDate "2009.09.27"]
[EventType "team"]
[EventRounds "11"]
[EventCountry "FRA"]
[Source "ChessBase"]
[SourceDate "2010.03.11"]

1. d4 Nf6 2. c4 g6 3. Nf3 Bg7 4. g3 O-O 5. Bg2 c5 6. O-O cxd4 7. Nxd4 Nc6 8.
Nc3 Rb8 9. b3 Qb6 10. Nc2 d6 11. Bb2 Bf5 12. Ne3 Be6 13. Na4 Qd8 14. Nd5 Bxd5
15. cxd5 Nb4 16. a3 Na6 17. Rc1 b5 18. Nc3 Nd7 19. b4 Nb6 20. Ba1 Qd7 21. Qd3
Nc7 22. Rc2 a6 23. Rfc1 Rfc8 24. e4 Nca8 25. h4 Rc4 26. Kh2 Rb7 27. Bh3 Qd8 28.
Ne2 Bxa1 29. Rxa1 Rxc2 30. Qxc2 Rc7 31. Qd3 Na4 32. Nd4 Rc3 33. Qd2 Qc7 34. Nc6
e5 35. Rc1 Rxc1 36. Qxc1 N8b6 37. h5 f6 38. Qh6 Nc4 39. Bf1 Nab6 40. Na5 Qc8
41. Nc6 Qg4 42. Bg2 Qe2 43. Kg1 1/2-1/2

[Event "FRA-chT2 0910"]
[Site "France"]
[Date "2009.10.04"]
[Round "1.6"]
[White "Wohlers Armas, Friederike"]
[Black "Mazauric, Julien"]
[Result "1-0"]
[WhiteElo "2027"]
[BlackElo "1499"]
[PlyCount "75"]
[EventDate "2009.09.27"]
[EventType "team"]
[EventRounds "11"]
[EventCountry "FRA"]
[Source "ChessBase"]
[SourceDate "2010.03.11"]

1. d4 b6 2. c4 Bb7 3. Nc3 f5 4. Qc2 e6 5. e3 Nf6 6. f3 Bb4 7. a3 Be7 8. Bd3 d5
9. Nge2 a6 10. Nf4 Qd7 11. cxd5 Nxd5 12. Nfxd5 Bxd5 13. Nxd5 Qxd5 14. Qxc7 Nd7
15. Bc4 Qd6 16. Qxd6 Bxd6 17. Bxe6 Rf8 18. Bd2 Ke7 19. Bxd7 Kxd7 20. O-O Ke6
21. e4 Rac8 22. d5+ Ke5 23. Bc3+ Rxc3 24. bxc3 fxe4 25. fxe4 Rxf1+ 26. Kxf1
Kxe4 27. c4 Kd4 28. Rb1 Kxc4 29. Rxb6 Kxd5 30. Rxa6 Bxh2 31. Ke2 Kc4 32. Rb6
Be5 33. a4 Bd4 34. Rb7 Kc5 35. a5 Kc6 36. a6 g5 37. Rxh7 Kb6 38. a7 1-0